000
00315nam a22001457a 4500
020
_a
5-05-111319-4
082
_a
894.812.3
_b
DUB/K
100
_a
DHOOBHOV N
245
_a
KADALORATTH ORU BALAN
260
_a
THIRUVANANTHAPURAM
_b
PRABHATH BOOKS
300
_a
399
520
_a
NOVEL
650
_a
NOVEL
942
_c
BK
999
_c
4859
_d
4859